Southville International School and Colleges
Your cart is empty.
  • Cart
  • Lists
    Public lists Eva Luna New books Lux_list list_1
    Your lists Log in to create your own lists
  • Log in to your account
  • Your cookies
  • Search history
Southville International School and Colleges
  • Advanced search
  • Recent comments
  • Most popular
  • Libraries

Log in to your account

Log in with GOOGLE


If you do not have an external account, but do have a local account, you can still log in:

  1. Home
  2. MARC view: Oh, the pets you can get! :
Normal view MARC view ISBD view

Oh, the pets you can get! : (Record no. 110191)

[ view plain ]
MARC details
000 -LEADER
fixed length control field 00580nam a2200181 a 4500
005 - DATE AND TIME OF LATEST TRANSACTION
control field 20140414131851.0
008 - FIXED-LENGTH DATA ELEMENTS--GENERAL INFORMATION
fixed length control field 100729s19uu xx 00 eng d
020 ## - INTERNATIONAL STANDARD BOOK NUMBER
International Standard Book Number 2003027157
050 ## - LIBRARY OF CONGRESS CALL NUMBER
Classification number M 636.088
Item number R11 2005
100 ## - MAIN ENTRY--PERSONAL NAME
Personal name Rabe, Tish
245 ## - TITLE STATEMENT
Title Oh, the pets you can get! :
Remainder of title all about our animal friends /
Statement of responsibility, etc by Tish Rabe ; illustrated by Aristides Ruiz and Joe Mathieu.
250 ## - EDITION STATEMENT
Edition statement 1st ed.
260 ## - PUBLICATION, DISTRIBUTION, ETC. (IMPRINT)
Place of publication, distribution, etc New York :
Name of publisher, distributor, etc Random House,
Date of publication, distribution, etc 2005.
440 ## - SERIES STATEMENT/ADDED ENTRY--TITLE
Title The Cat in the Hat's learning library
650 ## - SUBJECT ADDED ENTRY--TOPICAL TERM
Topical term or geographic name as entry element Pets
General subdivision juvenile literature
650 ## - SUBJECT ADDED ENTRY--TOPICAL TERM
Topical term or geographic name as entry element Pets
Holdings
Withdrawn status Lost status Damaged status Home library Current library Shelving location Date acquired Total Checkouts Full call number Barcode Date last seen Price effective from Koha item type
      Munich Library Munich Library Main Section 07/29/2010   M 636.088 R11 2005 M0524 04/14/2014 04/14/2014 Books

Oh, the pets you can get! :

APA

Rabe T., . (2005). Oh, the pets you can get!. New York: Random House.

Chicago

Rabe Tish, . 2005. Oh, the pets you can get!. New York: Random House.

Harvard

Rabe T., . (2005). Oh, the pets you can get!. New York: Random House.

MLA

Rabe Tish, . Oh, the pets you can get!. New York: Random House. 2005.

  • Place hold
  • Print
  • Cite
  • Add to your cart (remove)
  • Save record
    BIBTEX Dublin Core MARCXML MARC (non-Unicode/MARC-8) MARC (Unicode/UTF-8) MARC (Unicode/UTF-8, Standard) MODS (XML) RIS
  • More searches
    Search for this title in:
    Other Libraries (WorldCat) Other Databases (Google Scholar) Online Stores (Bookfinder.com) Open Library (openlibrary.org)

Exporting to Dublin Core...

SOUTHVILLE LIBRARY

Southville International School and Colleges Library

1281 Tropical Ave. Cor. Luxembourg St., BF Homes International, Las Pinas City

Tel. No. 8256374 / 252358 Loc. 117/146

Powered by Koha